000 00513nam a22001937a 4500
999 _c16711
_d16711
003 OSt
005 20180316160412.0
008 180316b xxu||||| |||| 00| 0 eng d
020 _a9780333733974
040 _ckabu
050 _aHG 3881
_b.B57 C.1
100 _aBird, Graham
245 _aInternational Finance and the Developing Economies
_cGraham Bird
260 _aU.K
_bPalgrave Macmillan
300 _aix, 317p.
650 _aInternational finance
650 _aMacroeconomics
942 _2lcc
_cBK